00726nam a2200157Ia 4500008004100000100002200041245010000063245016400163260005300327260000900380300001100389650001500400856006100415999001900476952007300495170221s9999 xx 000 0 und d aDiana F. Kajumova 4aThe Research of the Effectiveness of the Program on Formation of Patriotic Qualities of Pupils  cDiana F. Kajumova, Oxana V. Khasanova, Diana I. Khripkova, Aida G. Sadykova, Astrid V. Sharipova, Elmira M. Vildanova, Marina A. Zaichenko, Julia N. Ziatdinova bInternational Review of Management and Marketing c2016 a6 : 2S xMarketing. uhttp://www.econjournals.com/index.php/irmm/issue/view/71 c308591d308591 001040aCLbCLd2017-02-21l0r2017-02-21 00:00:00w2017-02-21yFOJ